| 000 | 01092nam a2200301 i 4500 | ||
|---|---|---|---|
| 001 | 195733 | ||
| 003 | ES-MaACL | ||
| 005 | 20250302063100.0 | ||
| 008 | 250110s2006 ag 000 1 spa|| | ||
| 020 | _a9781156413 | ||
| 035 | _aCCBIP02849996 | ||
| 040 |
_aES-BaSLP _bcat _cES-BaSLP _dES-MaACL |
||
| 080 | _a850-3"19" | ||
| 100 |
_aOttieri, Maria Pace _9237405 _eaut |
||
| 245 | 1 | 0 |
_aCuando has nacido no hay dónde esconderse / _cMaria Pace Ottieri ; traducción de Alejandro Manara. |
| 260 |
_aBuenos Aires : _bAdriana Hidalgo, _c2006. |
||
| 300 |
_a169 p. ; _c20 cm. |
||
| 490 | 1 | _aTemas y debates | |
| 490 | 1 | _aNarrativas / Adriana Hidalgo | |
| 650 | 4 |
_912182 _aEmigración e inmigración |
|
| 830 |
_aTemas y debates _9239441 |
||
| 830 |
_aNarrativas (Adriana Hidalgo) _9239442 |
||
| 852 |
_aES-MaACL _cDEPOJ _jN-8739 _hDonación: Editorial _xEncuadernación rústica _9204020 |
||
| 942 |
_2udc _n0 _cMONOGRAFIA |
||
| 999 |
_c195733 _d195733 |
||